Mười năm vắng bóng liêu xiêu "ông già đi bộ"
Tác giả đã chắp nhặt bao nhiêu ký ức để vẽ nên từng câu chữ về chân dung nhà văn hóa Nam bộ rất đời thường mà không phải ai cũng biết, cũng tỏ, để từ đó, một Sơn Nam với nết ăn, nết ở, với lời nói, việc làm thường nhật hiện l...
Zapisane w:
| 1. autor: | |
|---|---|
| Format: | Książka |
| Język: | Undetermined |
| Wydane: |
Tp. Hồ Chí Minh
Tổng hợp TP.HCM
2018
|
| Hasła przedmiotowe: | |
| Dostęp online: | http://lrc.tdmu.edu.vn/opac/search/detail.asp?aID=2&ID=34794 |
| Etykiety: |
Dodaj etykietę
Nie ma etykietki, Dołącz pierwszą etykiete!
|
| Thư viện lưu trữ: | Trung tâm Học liệu Trường Đại học Thủ Dầu Một |
|---|
| LEADER | 01135nam a2200193Ia 4500 | ||
|---|---|---|---|
| 001 | TDMU_34794 | ||
| 008 | 210410s9999 xx 000 0 und d | ||
| 082 | |a 895.922332 | ||
| 090 | |b Đ108 | ||
| 100 | |a Đào, Tăng | ||
| 245 | 0 | |a Mười năm vắng bóng liêu xiêu "ông già đi bộ" | |
| 260 | |a Tp. Hồ Chí Minh | ||
| 260 | |b Tổng hợp TP.HCM | ||
| 260 | |c 2018 | ||
| 300 | |a 180tr. | ||
| 520 | |a Tác giả đã chắp nhặt bao nhiêu ký ức để vẽ nên từng câu chữ về chân dung nhà văn hóa Nam bộ rất đời thường mà không phải ai cũng biết, cũng tỏ, để từ đó, một Sơn Nam với nết ăn, nết ở, với lời nói, việc làm thường nhật hiện lên thật sống động và quá đỗi đời thường. | ||
| 650 | |a Văn học Việt Nam |v Tùy Bút; Tùy bút Việt Nam; Sơn Nam, |d 1926-2008 | ||
| 856 | |u http://lrc.tdmu.edu.vn/opac/search/detail.asp?aID=2&ID=34794 | ||
| 980 | |a Trung tâm Học liệu Trường Đại học Thủ Dầu Một | ||